Alquimista Trovador (Registo nº 198090)
[ vista simples ]
| 000 -Etiqueta do registo | |
|---|---|
| Valores | 00811nam 22002413 4500 |
| 010 ## - Número ISBN | |
| ISBN | 972-8605-83-8 |
| 021 ## - Número do Depósito Legal | |
| Código do país | Portugal |
| Número | 248165/06 |
| 100 ## - Dados gerais de processamento | |
| Dados gerais | 20250925d u||y0pory50 ba |
| 101 ## - Língua de publicação | |
| Língua | Português |
| 200 ## - Titulo e menção de responsabilidade | |
| Título próprio | Alquimista Trovador |
| Informação de outro título | A Extraordinária Vida de Raimundo Lúlio |
| Primeira menção de responsabilidade | Luis Racionero |
| Outras menções de responsabilidade | Tradução de Isabel Caiado Branco ; Revisão de Sandra Leitão |
| 205 ## - Menção da edição | |
| Edição | 1ª |
| 210 ## - Publicação | |
| Local de publicação | Lisboa |
| Nome do editor | Ésquilo Edições |
| Data de publicação | 2006 |
| 215 ## - Descrição física | |
| Paginação / Volumes | 249, [7] p. |
| Outras indicações físicas | Brochado |
| Dimensões | 23 cm |
| 300 ## - Notas gerais | |
| Texto da nota | Romance histórico |
| 304 ## - Nota relativa ao título | |
| Texto de nota | Tít. orig.: El alquimista trovador<br/> |
| 606 ## - Nome comum usado como assunto | |
| ID Autoridade | 8 |
| Palavra de ordem | Literatura Espanhola |
| 675 ## - CDU | |
| Notação | 821.134.2-311.6/RAC/ALQ |
| Edição | PT |
| Língua | por |
| 700 ## - Autor principal (pessoa individual) | |
| ID Autoridade | 14089 |
| Apelido | Racionero |
| Nome | Luis |
| Datas | 1940-2020 |
| 801 ## - Fonte de origem | |
| País | PT |
| Agência | BMMN |
| Regras de catalogação | RPC |
| 830 ## - Notas gerais do catalogador | |
| Criado por | Carlos Pinto |
| Data de criação | 25-09-2025 |
| Indexado por | Carlos Pinto |
| 990 ## - Elementos KOHA | |
| Tipo de documento | Livro |
| Situação do levantamento | Biblioteca de origem | Código de barras | Cota | Permissão de empréstimo | Tipo de documento | Forma de aquisição |
|---|---|---|---|---|---|---|
| Escola Secundária de Montemor-o-Novo | 26303 | 821.134.2-311.6/RAC/ALQ | Livro | Oferta |